[Event "Titled Tue 3rd Jan Late"]
[Site "chess.com INT"]
[Date "2025.06.03"]
[Round "10"]
[White "Gomez Gonzales, Fabiana"]
[Black "Sanchez Negreiros, Jose Alberto"]
[Result "1-0"]
[WhiteTitle "WCM"]
[BlackTitle "FM"]
[WhiteElo "1843"]
[BlackElo "2231"]
[WhiteFideId "3860191"]
[BlackFideId "3851516"]
[EventDate "2025.06.03"]

1. e4 e5 2. Nf3 Nc6 3. Bc4 Nf6 4. Ng5 d5 5. exd5 Na5 6. Bb5+ c6 7. dxc6 bxc6 8.
Bd3 Qd5 9. Qf3 Bg4 10. Qxd5 cxd5 11. Be2 Bf5 12. d3 Nc6 13. Nf3 e4 14. dxe4 dxe4
15. Nfd2 Nd4 16. Bd1 O-O-O 17. Nc3 Bc5 18. O-O Rhe8 19. Nb3 Nxb3 20. axb3 Ng4
21. Bxg4 Bxg4 22. Be3 Bxe3 23. fxe3 Re7 24. h3 Bh5 25. g4 Bg6 26. Nb5 Rd2 27.
Nd4 h5 28. Rf2 Rxf2 29. Kxf2 Kb7 30. Ra5 hxg4 31. hxg4 f6 32. Rxa7+ Kxa7 33.
Nc6+ Kb6 34. Nxe7 Bf7 35. Nf5 g6 36. Nd4 Kc5 37. Ke2 Kd5 38. Kf2 Be8 39. Kg3 Bd7
40. Kf4 g5+ 41. Kg3 Bc8 42. Nb5 Kc5 43. Nc3 Bb7 44. Kf2 Bc6 45. Ne2 Bd7 46. Ng3
Kd5 47. Nh5 Ke5 48. Kg3 Be8 49. Ng7 Bg6 50. c4 Bh7 51. b4 Bg8 52. b3 Bf7 53. Nf5
Be6 54. Nd4 Bd7 55. Ne2 Bc8 56. Nd4 Bd7 57. b5 Kd6 58. b4 Be8 59. c5+ Kc7 60.
b6+ Kb7 61. b5 Bf7 62. Nf5 Be6 63. Nd6+ Kb8 64. Nxe4 Kb7 65. Nd6+ Kb8 66. c6 Ka8
67. c7 Bd7 68. b7+ Ka7 69. b8=Q# 1-0

[Event "Titled Tue 3rd Jan Late"]
[Site "chess.com INT"]
[Date "2025.06.03"]
[Round "10"]
[White "Blackburn, Jonathan L B"]
[Black "Jasinski, Alexander"]
[Result "1-0"]
[WhiteTitle "FM"]
[WhiteElo "2200"]
[BlackElo "1964"]
[WhiteFideId "1801090"]
[BlackFideId "55627994"]
[EventDate "2025.06.03"]

1. d4 Nf6 2. Nf3 g6 3. g3 Bg7 4. Bg2 O-O 5. O-O d6 6. c4 Nc6 7. Nc3 a6 8. h3 Rb8
9. a3 b5 10. cxb5 axb5 11. d5 Na5 12. Nd4 Bd7 13. b3 Qc8 14. Kh2 c6 15. b4 cxd5
16. Nxd5 Nxd5 17. bxa5 Nc3 18. Qd3 Qc4 19. Be3 Bxd4 20. Bxd4 Nxe2 21. Qxc4 bxc4
22. Be3 e5 23. Rfd1 c3 24. Bf3 Bb5 25. Rxd6 c2 26. Bxe2 Bxe2 27. Rc1 Bd1 28. a6
Rb5 29. a7 Ra5 30. Rdxd1 cxd1=Q 31. Rxd1 Rxa3 32. Rb1 Kg7 33. Bc5 Ra8 34. Bxa3
Rxa7 35. Bc5 Ra5 36. Be3 f6 37. Rb7+ Kg8 38. Kg2 f5 39. Bd2 Rd5 40. Bc3 h5 41.
h4 e4 42. Rg7+ Kf8 43. Rxg6 Kf7 44. Rg5 Rd3 45. Be5 Ke6 46. Bf4 Rd8 47. Rxh5 Rf8
48. Rh6+ Kd5 49. Be3 Kc4 50. h5 Kd3 51. Rh7 f4 52. Bxf4 e3 53. Bxe3 Ke4 54. h6
Kf5 55. Rg7 Kf6 56. Bd4+ Ke6 57. h7 Rh8 58. Rc7 Kd5 59. Rd7+ Kc6 60. Bxh8 Kxd7
61. Bg7 Ke8 62. h8=Q+ Kf7 63. Bc3 Ke6 64. Qe5+ Kd7 65. Kf3 Kc6 66. Ke4 Kb6 67.
Qd5 Kc7 68. Qe6 Kb7 69. Qd6 Kc8 70. Qe7 Kb8 71. Kd5 Ka8 72. Kc6 Kb8 73. Qb7# 1-0

[Event "Titled Tue 3rd Jan Late"]
[Site "chess.com INT"]
[Date "2025.06.03"]
[Round "10"]
[White "Gyurjinyan, Valter"]
[Black "Kaczur, Florian"]
[Result "1-0"]
[WhiteTitle "CM"]
[BlackTitle "IM"]
[WhiteElo "2208"]
[BlackElo "2500"]
[WhiteFideId "13318179"]
[BlackFideId "705098"]
[EventDate "2025.06.03"]

1. e4 d5 2. exd5 Bf5 3. Nc3 Nf6 4. d4 Nxd5 5. Nf3 e6 6. Nxd5 Qxd5 7. c4 Bb4+ 8.
Bd2 Qa5 9. Be2 Nc6 10. O-O Bxd2 11. Nxd2 Nxd4 12. Nb3 Nxb3 13. axb3 Qb6 14. Bf3
O-O 15. Ra3 Rfd8 16. Qc1 c6 17. c5 Qb4 18. Qg5 Rd7 19. h4 h6 20. Qg3 Qxc5 21.
Ra4 Qd6 22. Rf4 Rad8 23. h5 Qe5 24. Qh4 Rd4 25. g3 Rxf4 26. Qxd8+ Kh7 27. gxf4
Qxf4 28. Bg2 Qg4 29. Qd1 Qg5 30. Qe2 Bg4 31. Qe4+ Bf5 32. Qf3 Qd2 33. Bh3 Qg5+
34. Kh2 Qh4 35. Rg1 Bxh3 36. Qxh3 Qxf2+ 37. Rg2 Qf6 38. Qd3+ Kh8 39. Qe4 Qd8 40.
Qe5 Qh4+ 41. Kg1 f6 42. Qb8+ Kh7 43. Qg3 Qd4+ 44. Kh2 f5 45. b4 Kh8 46. Re2 Qf6
47. Rd2 Qe7 48. Re2 a6 49. Rg2 Qf6 50. Kh3 Qe7 51. Re2 Qf7 52. Qf3 Qf6 53. Rd2
e5 54. Qg3 Qf7 55. Qg6 Qb3+ 56. Kh2 Qg8 57. Rd7 e4 58. Re7 e3 59. Re8 e2 60.
Rxg8+ Kxg8 61. Qe8+ Kh7 62. Qxe2 g5 63. Qe7+ Kh8 64. Qf6+ Kh7 65. Qxf5+ Kg8 66.
Qg6+ Kf8 67. Qxh6+ Ke7 68. Qxg5+ Kd6 69. h6 Kc7 70. h7 Kb6 71. h8=Q a5 72. Qxa5# 1-0

[Event "Titled Tue 3rd Jan Late"]
[Site "chess.com INT"]
[Date "2025.06.03"]
[Round "10"]
[White "Robert, Yoann"]
[Black "Bogaudinov, Rushan"]
[Result "1-0"]
[WhiteTitle "CM"]
[BlackTitle "FM"]
[WhiteElo "2198"]
[BlackElo "1912"]
[WhiteFideId "36018805"]
[BlackFideId "4129288"]
[EventDate "2025.06.03"]

1. f4 c5 2. Nf3 d5 3. g3 Nc6 4. Bg2 g6 5. O-O Bg7 6. d3 Nf6 7. Nc3 O-O 8. e4
dxe4 9. dxe4 Qxd1 10. Rxd1 Bg4 11. e5 Nd7 12. Be3 Rfd8 13. h3 Bf5 14. Rd2 Nb4
15. g4 Be6 16. Ng5 Nb6 17. Nxe6 fxe6 18. Rxd8+ Rxd8 19. Bxc5 Nxc2 20. Rc1 Nd4
21. Bxb7 g5 22. fxg5 Bxe5 23. Re1 Bg7 24. Kg2 e5 25. Be4 e6 26. h4 Nc4 27. b3
Nd2 28. Bxa7 Nxe4 29. Nxe4 Ra8 30. Bxd4 exd4 31. a4 Rc8 32. Rd1 e5 33. Kf2 Rb8
34. Rb1 Bf8 35. Ke2 Kf7 36. Kd3 Ke6 37. Rf1 Be7 38. Rb1 Kd5 39. a5 Bb4 40. Nf6+
Ke6 41. Nxh7 Bxa5 42. h5 Rc8 43. b4 Rc3+ 44. Kd2 Bd8 45. Nf6 Bxf6 46. gxf6 Kxf6
47. b5 Rc7 48. b6 Rb7 49. Kd3 Ke6 50. Ke4 Kd6 51. g5 Ke6 52. h6 d3 53. Kxd3 Kf5
54. h7 Rxh7 55. b7 Rh3+ 56. Ke2 Rh2+ 57. Ke3 Rh3+ 58. Kf2 Rh2+ 59. Kg3 Rh8 60.
b8=Q Rxb8 61. Rxb8 Kxg5 62. Kf3 Kf5 63. Rb5 Ke6 64. Ke4 Kd6 65. Rxe5 Kc6 66. Rh5
Kd6 67. Rg5 Kc6 68. Kd4 Kd6 69. Rg6+ Ke7 70. Ke5 Kf7 71. Ra6 Ke7 72. Ra7+ Kd8
73. Ke6 Kc8 74. Rh7 Kd8 75. Rg7 Kc8 76. Kd6 Kb8 77. Kc6 Ka8 78. Kb6 1-0

[Event "Titled Tue 3rd Jan Late"]
[Site "chess.com INT"]
[Date "2025.06.03"]
[Round "10"]
[White "Ferreira, Vitor Hugo Vieira"]
[Black "Kalyani Sirin"]
[Result "1-0"]
[BlackTitle "WFM"]
[WhiteElo "2128"]
[BlackElo "2136"]
[WhiteFideId "2119765"]
[BlackFideId "33323500"]
[EventDate "2025.06.03"]

1. e4 e5 2. Nf3 Nc6 3. d4 exd4 4. Nxd4 Bc5 5. Nb3 Bb6 6. Nc3 Nge7 7. Qe2 O-O 8.
Bd2 f5 9. O-O-O f4 10. f3 d6 11. Kb1 Be6 12. g3 Ng6 13. Bc1 a5 14. Nd5 Bxd5 15.
Rxd5 a4 16. Nd2 a3 17. b3 Bd4 18. Rxd4 Nxd4 19. Qc4+ Kh8 20. Qxd4 c5 21. Qc3 Qd7
22. Nc4 Qc6 23. gxf4 b5 24. f5 bxc4 25. fxg6 cxb3 26. cxb3 d5 27. exd5 Qxg6+ 28.
Bd3 Qg2 29. Re1 Rxf3 30. Qc2 Rf2 31. Re2 Rxe2 32. Qxe2 Qxd5 33. Qe4 Qxe4 34.
Bxe4 Ra5 35. Kc2 Kg8 36. Bd2 Ra7 37. Be3 Rc7 38. Kc3 g6 39. Kc4 Re7 40. Bd5+ Kg7
41. Bxc5 Re2 42. Bxa3 Rxa2 43. Bb4 Rxh2 44. Bc3+ Kf8 45. b4 g5 46. b5 Rh6 47.
Bd4 g4 48. b6 Rxb6 49. Bxb6 Kg7 50. Kd3 Kg6 51. Ke3 Kg5 52. Bc7 h5 53. Bf4+ Kf5
54. Bg3 Kg5 55. Kf2 h4 56. Bb8 Kf5 57. Bb7 Kg5 58. Bc7 Kh5 59. Bc8 Kg5 60. Bd8+
Kh5 61. Bd7 h3 62. Kg3 h2 63. Kxh2 g3+ 64. Kxg3 Kg6 65. Bg4 Kh6 66. Ba5 Kg6 67.
Bd2 Kf6 68. Kf4 Kg6 69. Be2 Kf6 70. Be3 Kg6 71. Bg4 Kf6 72. Bd4+ Kg6 73. Bf5+
Kh5 74. Bf6 Kh6 75. Bg5+ Kh5 76. Bg4+ Kg6 77. Bd8 Kh6 78. Bc7 Kg6 79. Kg3 Kg5
80. Bf4+ Kf6 81. Kf3 Kg6 82. Ke4 Kf6 83. Kd5 Kg6 84. Ke6 Kg7 85. Bf5 Kf8 86. Kf6
Ke8 87. Bc7 Kf8 88. Bd7 Kg8 89. Bd6 Kh7 90. Bf4 Kh8 91. Be6 Kh7 92. Kf7 Kh8 93.
Bh3 Kh7 94. Bf5+ Kh8 95. Be5# 1-0

[Event "Titled Tue 3rd Jan Late"]
[Site "chess.com INT"]
[Date "2025.06.03"]
[Round "10"]
[White "Harvey, Marcus R"]
[Black "Panin, Mikhail"]
[Result "1-0"]
[WhiteTitle "IM"]
[BlackTitle "CM"]
[WhiteElo "2447"]
[BlackElo "2262"]
[WhiteFideId "400092"]
[BlackFideId "34164992"]
[EventDate "2025.06.03"]

1. Nf3 b6 2. b3 Bb7 3. g3 Nf6 4. Bg2 g6 5. O-O Bg7 6. Bb2 O-O 7. c4 c5 8. d4
cxd4 9. Nbd2 d6 10. Nxd4 Bxg2 11. Kxg2 Qc7 12. e4 Qb7 13. f3 Nbd7 14. Qe2 a6 15.
Rfb1 Nc5 16. a4 Rfc8 17. b4 Ncd7 18. b5 axb5 19. axb5 Nc5 20. Nc6 e6 21. e5 dxe5
22. Bxe5 Ne8 23. Bxg7 Nxg7 24. Ne4 Nxe4 25. Qxe4 Rxa1 26. Rxa1 Qd7 27. Qe2 Qd6
28. Rd1 Qc5 29. Qf2 Qxf2+ 30. Kxf2 Kf8 31. Ra1 Nf5 32. Ke2 Ne7 33. Ne5 Ke8 34.
Kd3 h5 35. Kc3 f6 36. Nd3 Nd5+ 37. Kb3 Ne3 38. Nb2 Nf5 39. Ra6 Rb8 40. Kc3 Kd7
41. Na4 Kc7 42. Ra7+ Rb7 43. Ra8 Kd6 44. Rd8+ Ke7 45. Rc8 Kd7 46. Rc6 h4 47.
Nxb6+ Ke7 48. c5 hxg3 49. hxg3 Nxg3 50. Kb4 Ne2 51. Kc4 e5 52. Nc8+ Kd7 53. Nb6+
Ke7 54. Nd5+ Kd7 55. Rd6+ Kc8 56. Rxf6 Nd4 57. Rf8+ Kd7 58. Rf7+ Kc8 59. Ne7+
Kb8 60. Rf8+ Kc7 61. b6+ Kd7 62. Nd5 Nc6 63. Rf7+ Kc8 64. Rf8+ Kd7 65. Rg8 Nd8
66. Rg7+ Kc8 67. Rxg6 Rd7 68. Rd6 Rxd6 69. cxd6 Kd7 70. Kc5 Nb7+ 71. Kb5 Nxd6+
72. Ka6 Kc6 73. Nb4+ Kc5 74. Nd3+ Kd4 75. Nb2 Ke3 76. Nc4+ Nxc4 77. b7 Kxf3 78.
b8=Q e4 79. Kb5 Ne3 80. Qf8+ Ke2 81. Kc5 Kd3 82. Qd8+ Ke2 83. Kd4 Ng2 84. Kxe4
Ne1 85. Qd4 1-0

[Event "Titled Tue 3rd Jan Late"]
[Site "chess.com INT"]
[Date "2025.06.03"]
[Round "11"]
[White "Guliev, Gasan"]
[Black "Bratovic, Blaz"]
[Result "0-1"]
[WhiteTitle "CM"]
[BlackTitle "IM"]
[WhiteElo "2123"]
[BlackElo "2319"]
[WhiteFideId "34165638"]
[BlackFideId "14603551"]
[EventDate "2025.06.03"]

1. d4 f5 2. h3 Nf6 3. g4 e6 4. Nc3 d5 5. Bg5 Be7 6. e3 O-O 7. Bd3 c5 8. dxc5
Nbd7 9. gxf5 Nxc5 10. fxe6 Bxe6 11. Nge2 Nfe4 12. Bxe7 Qxe7 13. Bxe4 dxe4 14.
Nd4 Qh4 15. Qd2 Bg4 16. Nd5 Rad8 17. c4 Nd3+ 0-1

[Event "Titled Tue 3rd Jan Late"]
[Site "chess.com INT"]
[Date "2025.06.03"]
[Round "11"]
[White "Mai, Alexander Oliver"]
[Black "Tikhonov, Viacheslav"]
[Result "0-1"]
[BlackTitle "CM"]
[WhiteElo "2171"]
[BlackElo "2183"]
[WhiteFideId "2313391"]
[BlackFideId "44196407"]
[EventDate "2025.06.03"]

1. Nf3 g6 2. e4 c5 3. d4 cxd4 4. Nxd4 Nc6 5. c4 Nf6 6. Nc3 Nxd4 7. Qxd4 d6 8.
Be3 Bg7 9. f3 O-O 10. Qd2 a6 11. Rc1 Bd7 12. a4 Qa5 13. b3 Qb4 14. Qc2 b5 15.
axb5 axb5 16. cxb5 Rfc8 17. Bc4 d5 18. exd5 Nxd5 19. Bd2 Nxc3 20. Bxc3 Bxc3+ 21.
Qxc3 Qxc3+ 22. Rxc3 Ra1+ 23. Kf2 Rxh1 24. b6 Rb8 0-1

[Event "Titled Tue 3rd Jan Late"]
[Site "chess.com INT"]
[Date "2025.06.03"]
[Round "11"]
[White "Atanasov, Anthony"]
[Black "Silva, Luca"]
[Result "1-0"]
[WhiteTitle "IM"]
[BlackTitle "FM"]
[WhiteElo "2402"]
[BlackElo "2227"]
[WhiteFideId "2623897"]
[BlackFideId "147370"]
[EventDate "2025.06.03"]

1. e4 c6 2. d4 d5 3. exd5 cxd5 4. Bf4 Nc6 5. Nf3 Nf6 6. c3 Bf5 7. Qb3 Qc8 8.
Nbd2 e6 9. Nh4 Bg6 10. Nxg6 hxg6 11. Be2 Be7 12. a4 O-O 13. g3 a6 14. Kf1 Qd7
15. Kg2 Bd6 16. Bxd6 Qxd6 17. Nf3 Ne4 18. Bd3 Rab8 19. h4 Na5 20. Qc2 Nf6 21.
Ne5 Nc6 22. f4 Rfc8 23. Qe2 Ne7 24. h5 gxh5 25. Rxh5 Nf5 26. Bxf5 exf5 27. Rh8+
Kxh8 28. Nxf7+ Kg8 29. Nxd6 Rc7 30. Qe6+ Kf8 31. Rh1 1-0

[Event "Titled Tue 3rd Jan Late"]
[Site "chess.com INT"]
[Date "2025.06.03"]
[Round "11"]
[White "Andrews, Todd"]
[Black "Munoz Ramos, Christopher"]
[Result "0-1"]
[WhiteTitle "FM"]
[BlackTitle "FM"]
[WhiteElo "2097"]
[BlackElo "2133"]
[WhiteFideId "2012456"]
[BlackFideId "3439615"]
[EventDate "2025.06.03"]

1. d4 d5 2. c4 dxc4 3. Nf3 Nf6 4. e3 e6 5. Bxc4 c5 6. Qe2 Nc6 7. dxc5 Bxc5 8.
O-O O-O 9. Nbd2 a6 10. Rd1 Qe7 11. b3 b5 12. Bd3 Bb7 13. Bb2 Nb4 14. Bb1 Rfd8
15. a3 Nbd5 16. Ng5 h6 17. Nge4 Bb6 18. h3 Rac8 19. Be5 Nd7 20. Bb2 f5 21. Ng3
N7f6 22. Nh5 Nxh5 23. Qxh5 Nxe3 24. fxe3 Bxe3+ 25. Kh1 Rxd2 26. Rxd2 Bxd2 27.
Bd3 Qd7 28. Qg6 Bc3 29. Bxc3 Rxc3 30. Bf1 Rxh3+ 0-1

[Event "Titled Tue 3rd Jan Late"]
[Site "chess.com INT"]
[Date "2025.06.03"]
[Round "11"]
[White "Winkels, Marcel"]
[Black "Perry, Patrick"]
[Result "0-1"]
[WhiteTitle "CM"]
[WhiteElo "1918"]
[BlackElo "2296"]
[WhiteFideId "1003887"]
[BlackFideId "30917727"]
[EventDate "2025.06.03"]

1. e4 Nf6 2. d3 e5 3. Nf3 Nc6 4. g3 Bc5 5. Bg2 O-O 6. O-O Re8 7. h3 d5 8. Nbd2
dxe4 9. dxe4 h6 10. c3 Be6 11. Qc2 a5 12. Re1 a4 13. b4 axb3 14. Nxb3 Bb6 15.
Bb2 Bc4 16. Nbd2 Bd3 17. Qb3 Qe7 18. a4 Qc5 19. Ba3 Qxf2+ 20. Kh2 Nh5 21. g4
Qg3+ 22. Kh1 Nf4 23. Ng1 Qxg2# 0-1

[Event "Titled Tue 3rd Jan Late"]
[Site "chess.com INT"]
[Date "2025.06.03"]
[Round "11"]
[White "Florescu, Codrut-Constantin"]
[Black "Hartge, Gedeon"]
[Result "1-0"]
[WhiteTitle "IM"]
[BlackTitle "FM"]
[WhiteElo "2193"]
[BlackElo "2328"]
[WhiteFideId "1202200"]
[BlackFideId "12932116"]
[EventDate "2025.06.03"]

1. d4 d5 2. Nf3 Nf6 3. c4 dxc4 4. e3 a6 5. Bxc4 e6 6. O-O c5 7. Nc3 Nc6 8. Bb3
cxd4 9. exd4 Be7 10. Bg5 O-O 11. Qd3 Nb4 12. Qe2 Nbd5 13. Ne5 h6 14. Bd2 Bd7 15.
Rfe1 Rc8 16. Rad1 Bc6 17. Qd3 b5 18. Qh3 b4 19. Nxc6 Rxc6 20. Nxd5 Nxd5 21. Re4
Bg5 22. Bxg5 Qxg5 23. Re5 Nf4 24. Qf3 Qf6 25. Qxc6 1-0

[Event "Titled Tue 3rd Jan Late"]
[Site "chess.com INT"]
[Date "2025.06.03"]
[Round "11"]
[White "Ferriz Barrios, Andres"]
[Black "Goryachkina, Aleksandra"]
[Result "0-1"]
[WhiteTitle "FM"]
[BlackTitle "GM"]
[WhiteElo "2102"]
[BlackElo "2544"]
[WhiteFideId "5104467"]
[BlackFideId "4147103"]
[EventDate "2025.06.03"]

1. d4 d5 2. c4 e6 3. Nc3 a6 4. cxd5 exd5 5. a4 h6 6. Bf4 Nf6 7. e3 Bd6 8. Bg3
O-O 9. Be2 c5 10. Bxd6 Qxd6 11. dxc5 Qxc5 12. Nf3 Nc6 13. O-O Bg4 14. Nd4 Bxe2
15. Ndxe2 Rfd8 16. Rc1 Qb4 17. Qc2 d4 18. exd4 Nxd4 19. Nxd4 Rxd4 20. Rfd1 Rc4
21. h3 Rac8 22. f3 b5 23. axb5 axb5 24. Qd2 Qc5+ 25. Kh1 Nh5 26. Ne2 Ng3+ 27.
Kh2 Nxe2 0-1

[Event "Titled Tue 3rd Jan Late"]
[Site "chess.com INT"]
[Date "2025.06.03"]
[Round "11"]
[White "Radchenko, Alexey"]
[Black "Escareno Rojas, Angel Salvador"]
[Result "0-1"]
[WhiteTitle "FM"]
[WhiteElo "2293"]
[BlackElo "1965"]
[WhiteFideId "4192362"]
[BlackFideId "5107733"]
[EventDate "2025.06.03"]

1. d4 Nf6 2. c4 e6 3. Nf3 d5 4. Nc3 c6 5. e3 b6 6. Bd3 Bb7 7. b3 Be7 8. Bb2 O-O
9. Qc2 dxc4 10. bxc4 c5 11. Ne2 Nbd7 12. e4 cxd4 13. e5 Nh5 14. Bxh7+ Kh8 15.
Nexd4 Bxf3 16. Nxf3 g6 17. Bxg6 fxg6 18. Qxg6 Qe8 19. Qxe6 Bb4+ 20. Kf1 Qxe6 21.
Ng5 Qf5 22. Nh3 Qd3+ 23. Kg1 Qc2 24. Bd4 Bc3 25. Bxc3 Qxc3 26. Rd1 Nxe5 27. Ng5
Qc2 28. Rf1 Nf4 29. h4 Ne2+ 30. Kh2 Qxc4 31. g3 Ng4+ 32. Kh3 Nxf2+ 33. Kg2 Qd5+
34. Kh2 Qd3 35. Rc1 Qxg3# 0-1

[Event "Titled Tue 3rd Jan Late"]
[Site "chess.com INT"]
[Date "2025.06.03"]
[Round "11"]
[White "Pranav, V"]
[Black "Antoniou, Rafail"]
[Result "1-0"]
[WhiteTitle "GM"]
[BlackTitle "CM"]
[WhiteElo "2621"]
[BlackElo "2134"]
[WhiteFideId "25060783"]
[BlackFideId "5904390"]
[EventDate "2025.06.03"]

1. e4 c5 2. Nf3 e6 3. c3 Nf6 4. Bd3 d5 5. e5 Nfd7 6. Bc2 c4 7. O-O Nc6 8. Re1 g5
9. b3 g4 10. Nd4 Ncxe5 11. bxc4 Nxc4 12. Qxg4 Nf6 13. Qf3 Be7 14. d3 Nd6 15. Bh6
Rg8 16. Nd2 Bd7 17. Nf1 Qc7 18. Bd2 O-O-O 19. Rab1 a6 20. Rec1 Rg6 21. c4 dxc4
22. dxc4 Rgg8 23. Bf4 Ng4 24. c5 e5 25. cxd6 Qxd6 1-0

[Event "Titled Tue 3rd Jan Late"]
[Site "chess.com INT"]
[Date "2025.06.03"]
[Round "11"]
[White "Schnaider, Ilan"]
[Black "Vlassov, Nikolai"]
[Result "1-0"]
[WhiteTitle "IM"]
[BlackTitle "IM"]
[WhiteElo "2388"]
[BlackElo "2291"]
[WhiteFideId "169013"]
[BlackFideId "4103360"]
[EventDate "2025.06.03"]

1. e4 Nc6 2. d4 d5 3. e5 h5 4. c3 Bg4 5. Be2 Qd7 6. Bf4 O-O-O 7. h3 Bxe2 8. Qxe2
e6 9. Nd2 f6 10. Ngf3 g5 11. Bg3 Bg7 12. exf6 Bxf6 13. Nb3 Re8 14. Nc5 Qg7 15.
Qb5 e5 16. Qxb7+ Kd8 17. Qxc6 exd4+ 18. Ne6+ Rxe6+ 19. Qxe6 dxc3 20. Qxd5+ Ke7
21. O-O 1-0

[Event "Titled Tue 3rd Jan Late"]
[Site "chess.com INT"]
[Date "2025.06.03"]
[Round "11"]
[White "Gyurjinyan, Valter"]
[Black "Kobalia, Mikhail"]
[Result "0-1"]
[WhiteTitle "CM"]
[BlackTitle "GM"]
[WhiteElo "2208"]
[BlackElo "2538"]
[WhiteFideId "13318179"]
[BlackFideId "4119150"]
[EventDate "2025.06.03"]

1. e4 g6 2. d4 Bg7 3. Nc3 a6 4. Be3 b5 5. a4 b4 6. Nce2 Bb7 7. Ng3 h5 8. h4 d6
9. Nf3 Nd7 10. Bd3 Ngf6 11. c3 Ng4 12. Bg5 c5 13. O-O O-O 14. Re1 Re8 15. Qb3
Qa5 16. Bd2 Qb6 17. a5 Qa7 18. cxb4 cxd4 19. Rac1 Rac8 20. Ng5 Nde5 21. Bf1 e6
22. Nh3 d5 23. f3 d3+ 24. Kh1 Nf2+ 25. Nxf2 Qxf2 26. Bf4 d2 27. Rxc8 dxe1=Q 28.
Rxe8+ Kh7 29. Kh2 dxe4 0-1

[Event "Titled Tue 3rd Jan Late"]
[Site "chess.com INT"]
[Date "2025.06.03"]
[Round "11"]
[White "Gimeno Martos, Roberto"]
[Black "Swara Lakshmi S Nair"]
[Result "0-1"]
[WhiteTitle "CM"]
[BlackTitle "WCM"]
[WhiteElo "2090"]
[BlackElo "2178"]
[WhiteFideId "2226804"]
[BlackFideId "25629239"]
[EventDate "2025.06.03"]

1. d4 Nf6 2. Nf3 g6 3. Nc3 d5 4. Bg5 Bg7 5. Qd2 O-O 6. Bh6 c5 7. Bxg7 Kxg7 8. h4
h5 9. O-O-O cxd4 10. Nxd4 Nc6 11. f3 e5 12. Nb3 d4 13. Ne4 Nxe4 14. fxe4 a5 15.
e3 a4 16. Na1 Be6 17. a3 Qb6 18. g4 dxe3 19. Qg2 Bxg4 20. Be2 Bxe2 21. Qxe2 Nd4
22. Qg2 Rac8 23. c3 Nb3+ 24. Nxb3 Qxb3 25. Rd6 Rxc3+ 26. Kb1 Rd3 27. Rxd3 Qxd3+
28. Ka2 e2 29. Re1 Qb3+ 30. Kb1 Qd1+ 0-1

[Event "Titled Tue 3rd Jan Late"]
[Site "chess.com INT"]
[Date "2025.06.03"]
[Round "11"]
[White "Reprintsev, Alexander"]
[Black "Yushko, Olga"]
[Result "1-0"]
[WhiteTitle "IM"]
[BlackTitle "WFM"]
[WhiteElo "2256"]
[BlackElo "2036"]
[WhiteFideId "14100541"]
[BlackFideId "14114500"]
[EventDate "2025.06.03"]

1. e4 Nf6 2. e5 Nd5 3. d4 d6 4. c4 Nb6 5. f4 dxe5 6. fxe5 Bf5 7. Be3 e6 8. Nc3
Bb4 9. Nf3 c5 10. a3 cxd4 11. Nxd4 Qh4+ 12. Bf2 Qe4+ 13. Be2 O-O 14. axb4 Qxg2
15. Rg1 Qxh2 16. Nf3 Qf4 17. Qd4 Qxd4 18. Nxd4 Bg6 19. c5 N6d7 20. Bg3 Rd8 21.
O-O-O Na6 22. Bxa6 bxa6 23. Nc6 Rdc8 24. Ne7+ 1-0

[Event "Titled Tue 3rd Jan Late"]
[Site "chess.com INT"]
[Date "2025.06.03"]
[Round "11"]
[White "Walmer, Benjamin"]
[Black "Kaczur, Florian"]
[Result "1/2-1/2"]
[BlackTitle "IM"]
[WhiteElo "1990"]
[BlackElo "2500"]
[WhiteFideId "30958164"]
[BlackFideId "705098"]
[EventDate "2025.06.03"]

1. e4 Nc6 2. Nf3 d6 3. d4 e5 4. Bb5 Bd7 5. O-O Nge7 6. Nc3 Nxd4 7. Nxd4 exd4 8.
Bxd7+ Qxd7 9. Qxd4 Nc6 10. Qa4 Be7 11. Nd5 O-O 12. Bf4 Rae8 13. Rfe1 Bd8 14. c3
h6 15. h3 a6 16. Rad1 f5 17. Qb3 Kh8 18. exf5 Rxe1+ 19. Rxe1 Qxf5 20. Bg3 Na5
21. Qd1 Nc4 22. Ne3 Nxe3 23. Rxe3 Qf7 24. b3 Kg8 25. c4 Bg5 26. Rf3 Qe6 27.
Rxf8+ Kxf8 28. Qf3+ Kg8 29. Qxb7 Bd8 30. Qa8 Qe7 31. Qxa6 h5 32. h4 g5 33. hxg5
h4 34. Bxh4 Qe1+ 35. Kh2 Qe5+ 36. Bg3 Qh8+ 37. Kg1 Qa1+ 38. Kh2 Qh8+ 39. Kg1
Qa1+ 40. Kh2 Qh8+ 1/2-1/2

[Event "Titled Tue 3rd Jan Late"]
[Site "chess.com INT"]
[Date "2025.06.03"]
[Round "11"]
[White "Sharankov, Grigory"]
[Black "Asish Panda"]
[Result "0-1"]
[WhiteTitle "CM"]
[WhiteElo "2238"]
[BlackElo "1911"]
[WhiteFideId "4168356"]
[BlackFideId "45012458"]
[EventDate "2025.06.03"]

1. e4 e6 2. Nf3 d5 3. Nc3 Nf6 4. e5 Nfd7 5. d4 c5 6. dxc5 Nc6 7. Bf4 Nxc5 8. Bd3
Bd7 9. O-O h6 10. a3 Be7 11. h3 Rc8 12. Qe2 Qb6 13. Rab1 Nxd3 14. cxd3 Nd4 15.
Nxd4 Qxd4 16. Qd2 O-O 17. Rbe1 Rfd8 18. Be3 Qh4 19. Bxa7 d4 20. Ne4 Bc6 21. Bb6
Rd5 22. Ng3 Rb5 23. Ba5 Bg5 24. f4 Qxg3 25. fxg5 Rxa5 26. gxh6 Rxe5 27. Rxe5
Qxe5 28. hxg7 Qe3+ 0-1

[Event "Titled Tue 3rd Jan Late"]
[Site "chess.com INT"]
[Date "2025.06.03"]
[Round "11"]
[White "Hadzovic, Amir"]
[Black "Shi, Roger V"]
[Result "0-1"]
[WhiteTitle "FM"]
[WhiteElo "2354"]
[BlackElo "2137"]
[WhiteFideId "14402300"]
[BlackFideId "30980119"]
[EventDate "2025.06.03"]

1. e4 e5 2. Nc3 Nc6 3. f4 d6 4. Nf3 g6 5. Bc4 Bg7 6. O-O Nge7 7. d3 O-O 8. Qe1
Be6 9. Bb3 Kh8 10. Qh4 Bxb3 11. axb3 Ng8 12. Qh3 h6 13. f5 Nce7 14. g4 d5 15. g5
h5 16. f6 Bxf6 17. gxf6 Nxf6 18. Bg5 Qd6 19. Qh4 Neg8 20. Nxe5 Qxe5 21. Bxf6+
Nxf6 22. Qxf6+ Qxf6 23. Rxf6 dxe4 24. Nxe4 Kg7 25. Raf1 Rae8 26. Ng5 Re7 27.
Ne6+ Rxe6 28. R6f4 f5 29. Kf2 g5 30. Rd4 f4 31. Rg1 Re5 32. h3 Kf6 33. Ra1 Rfe8
34. Rd7 Re2+ 35. Kf1 Rxc2 36. Rxa7 Re3 37. Rxb7 Rxh3 38. Kg1 f3 39. Rbxc7 f2+
40. Kg2 f1=Q+ 41. Kxf1 Rh1# 0-1

[Event "Titled Tue 3rd Jan Late"]
[Site "chess.com INT"]
[Date "2025.06.03"]
[Round "11"]
[White "Mikhalevski, Victor"]
[Black "Sarana, Alexey"]
[Result "0-1"]
[WhiteTitle "GM"]
[BlackTitle "GM"]
[WhiteElo "2513"]
[BlackElo "2686"]
[WhiteFideId "2801914"]
[BlackFideId "24133795"]
[EventDate "2025.06.03"]

1. Nf3 d5 2. g3 c6 3. Bg2 Bf5 4. O-O Nd7 5. c4 dxc4 6. a4 e5 7. Na3 Bxa3 8. bxa3
Ngf6 9. Bb2 Qa5 10. Bc3 Qc7 11. Qc1 O-O 12. Bb4 Rfe8 13. Qxc4 Nb6 14. Qb3 Nbd5
15. Rfc1 Rad8 16. d3 e4 17. Nh4 Bc8 18. dxe4 Nxe4 19. Be1 Ng5 20. Nf3 Nh3+ 21.
Kf1 Qe7 22. Qb2 Qe6 23. Nd4 Qf6 24. Rab1 Ne3# 0-1